000 00381nam a2200145Ia 4500
005 20251222140045.0
008 251222s1900||||xx |||||||||||||| ||spa||
020 _a8486067138
082 _a016.78/C69
100 _aCliment, José
245 0 _aFondos Musicales de la Región Valenciana:
250 _a1ra. ed.
264 _bFacultad de Teología San Vicente Ferrer
942 _cLIB
999 _c3421
_d3421